00846nam a2200217 a 450000100100000000500170001000800410002704000130006808200160008110000270009724500450012426001000016930000270026949000110029650400470030783000180035404900090037295201130038195201190049499900150061300000799820200929154403.0090914s1992 dr a 001 0 spa d aDO-SdBNP axxxbS 161c1 aSalcé, Leonel92186510aCiencia de materiales /cLeonel Salcé. aSantiago de los Caballeros, R. D., :bPontificia Universidad Católica Madre y Maestra,c1992. a107 p. :bil ;c20 cm.1 aTextos aIncluye referencias bibliográficas [104] 0aTextos914460 aBNPD 0010718PDaPDbPDcCTd2009-09-14iLF1l0oxxx S 161cp7998-10r2020-06-25w2020-06-25yLFPDZNo se presta 0010718PDaPDbPDcCTd2009-09-14iLF1l0oxxx S 161cp7998-20r2020-06-25te. 2w2020-06-25yLFPDZNo se presta c7775d7775